000 00647nam a2200241 i 4500
001 C2-0341100
003 PPAK
005 20180728142855.0
008 170227s2012 nyua|||| ||||| | eng d
020 _a9781451635751
040 _aPPAK
_beng
_cPPAK
_erda
082 0 4 _a823
_223
090 0 0 _a823
_bPIC
_dG
100 1 _aPicoult, Jodi,
_eauthor
245 1 0 _aBetween the lines
264 1 _aNew York :
_bSimon Pulse ,
_c2012
300 _axi, 352 pages :
_bcolour illustrations ;
_c23 cm
336 _2rdacontent
_atext
337 _2rdamedia
_aunmediated
338 _2rdacarrier
_avolume
650 1 0 _aEnglish fiction.
942 _ddc
_cB
999 _c138213
_d138213